Baroque flute in Sanssouci

Další autoři: Sláma, František, 1923-2004, Bach, Carl Philipp Emanuel, 1714-1788, Benda, František, 1709-1786, Quantz, Johann Joachim, 1697-1773, Bárta, Aleš, 1960-, Kunt, Václav, 1949-
Jazyk: Čeština
Vydáno: Praha : Music Vars, p1995
Témata:
Fyzický popis: 1 MC : Dolby systém + 1 složený list.
Zvukové nahrávky
Uloženo v:
LEADER 01538njm a2200373 a 4500
001 000153996
003 CZ BrMZK
005 20050627084138.0
008 010907s1995 xr f cze d
028 0 1 |a 0048-4131  |b Music Vars 
040 |a BOA001  |b cze 
080 |a 788.5.082.2(086.7)  |2 MRF 
245 0 0 |a Baroque flute in Sanssouci  |h [zvukový záznam] /  |c Johan J. Quantz, František Benda, C.P. E. Bach. 
246 3 3 |a Sonata D-dur 
246 3 3 |a Sonata e-moll 
246 3 3 |a Sonata g-moll (Conversation-sonata) 
260 |a Praha :  |b Music Vars,  |c p1995 
300 |a 1 MC :  |b Dolby systém +  |e 1 složený list. 
306 |a 003403 
500 |a Durata [34:03] 
500 |a Nahr. 1995 
505 0 |a Sonata e-moll, Sonata D-dur, Sonata g-moll (Conversation -sonata). 
511 0 |a Václav Kunt, flétna; Aleš Bárta, cembalo, portativ; František Sláma, violoncello 
653 0 |a barokní hudba  |a cembalo  |a flétnové sonáty  |a portativ  |a violoncello 
700 1 |a Sláma, František,  |d 1923-2004  |7 jn19990209770  |4 prf 
700 1 |a Bach, Carl Philipp Emanuel,  |d 1714-1788  |7 jn19990000366  |4 cmp 
700 1 |a Benda, František,  |d 1709-1786  |7 jn19990209037  |4 cmp 
700 1 |a Quantz, Johann Joachim,  |d 1697-1773  |7 jn19990006762  |4 cmp 
700 1 |a Bárta, Aleš,  |d 1960-  |7 jn19990201022  |4 prf 
700 1 |a Kunt, Václav,  |d 1949-  |7 jn19990209459  |4 prf 
910 |a BOA001  |b KZ-0004.189 
964 |a Flétna  |x sonáty  |x MC 
990 |a AV 
996 6 |b 261H004244  |c KZ-0004.189  |l MZK  |r Sklad / do 24 hodin  |n 0  |p p.v.  |w 000153996  |u 000010  |a 1  |e BOA001  |j MZK50  |s P